Loreto College Library, Kolkata
WEBOPAC (ONLINE PUBLIC ACCESS CATALOGUE)

The dawn of European civilization (Record no. 43453)

MARC details
000 -LEADER
fixed length control field 00584nam a22002177a 4500
005 - DATE AND TIME OF LATEST TRANSACTION
control field 20230929142545.0
008 - FIXED-LENGTH DATA ELEMENTS--GENERAL INFORMATION
fixed length control field 230816b |||||||| |||| 00| 0 eng d
020 ## - ISBN | অাই এস বি এন
ISBN | অাই এস বি এন 9789350024706
PRICE Rs.495.00
040 ## - CATALOGING SOURCE
Original cataloging agency Loreto college
041 ## - LANGUAGE CODE
Language code English
082 ## - DDC | ডিউই
Classification number | বর্গসংখ্যা 940.1
Book Number | গ্রন্থাঙ্ক CHI
100 ## - MAIN ENTRY--PERSONAL NAME | মুখ্য সংলেখ - ব্যাক্তিনাম
Personal name | ব্যাক্তিনাম Childe, V Gordon
245 ## - TITLE STATEMENT | অাখ্যা বিবরণী
Title | অাখ্যা The dawn of European civilization
Sub title | উপঅাখ্যা V Gordon Childe
260 ## - IMPRINT | প্রকাশনা ক্ষেত্র
Place of publication | প্রকাশ স্থান Delhi
Name of publisher | প্রকাশকের নাম Aakar books
Date of publication | প্রকাশ কাল 2017
300 ## - PHYSICAL DESCRIPTION |
Page / Vol. No | পৃষ্ঠা / খন্ড সংখ্যা 362p.
Other physical details | অনান্য বাহ্যিক বিবরণ 22cm.
504 ## - BIBLIOGRAPHY, ETC. NOTE
Bibliography, etc Includes maps and index
650 ## - SUBJECT ADDED ENTRY--TOPICAL TERM | বিষয় শিরোনাম - মূল বিষয়
Topical term | মূল বিষয় History,ancient
Chronological subdivision | কালগত বিভাগ Europe
651 ## - SUBJECT ADDED ENTRY--GEOGRAPHIC NAME | বিষয় শিরোনাম - ভৌগলিক নাম
Geographic name | ভৌগলিক বিষয় Europe - History
850 ## - HOLDING INSTITUTION
Holding institution LCLIB
942 ## - ADDED ENTRY ELEMENTS (KOHA)
Koha item type Books
Holdings
Withdrawn status Lost status Source of classification Damaged status Not for loan Home library Current library Date acquired Price Total Checkouts Full call number Accession No. Date last seen Date checked out Price effective from Koha item type Coded location qualifier
    Dewey Decimal Classification     Loreto College Loreto College 16/08/2023 495.00 3 940.1 CHI 53596 47577 19/11/2025 19/11/2025 16/08/2023 Books